Đề thi Olympic hóa học quốc tế năm 2014-2018 46th international chemistry Olympiad practial examination
Đã lưu trong:
| Định dạng: | Sách |
|---|---|
| Ngôn ngữ: | Vietnamese English |
| Được phát hành: |
Hà Nội
2014
|
| Những chủ đề: | |
| Các nhãn: |
Thêm thẻ
Không có thẻ, Là người đầu tiên thẻ bản ghi này!
|
| Thư viện lưu trữ: | Trung tâm Học liệu Lê Vũ Hùng, Trường Đại học Đồng Tháp |
|---|
| LEADER | 00675pam a22002178a 4500 | ||
|---|---|---|---|
| 001 | 00043940 | ||
| 005 | 20190403160450.0 | ||
| 008 | 110729s1999 ||||||viesd | ||
| 020 | # | # | |c 48000 |
| 041 | 0 | # | |a eng |
| 082 | 1 | 4 | |b Đ250TH |a 540.76 |
| 245 | 1 | 0 | |a Đề thi Olympic hóa học quốc tế năm 2014-2018 |b 46th international chemistry Olympiad practial examination |
| 260 | # | # | |c 2014 |a Hà Nội |
| 300 | # | # | |c 27 cm. |a 400 tr |
| 653 | # | # | |a Bài Tập |
| 653 | # | # | |a Hóa học |
| 653 | # | # | |a Olympic |
| 653 | # | # | |a Đề thi |
| 852 | # | # | |j KD.0025212 |
| 910 | 0 | # | |d 3/4/2019 |
| 980 | # | # | |a Trung tâm Học liệu Lê Vũ Hùng, Trường Đại học Đồng Tháp |